Financial market trends

Enregistré dans:
Détails bibliographiques
Format: Publication en série
Langue:anglais
Publié: Paris OECD
Collection:OECD journal
Sujets:
Tags: Ajouter un tag
Pas de tags, Soyez le premier à ajouter un tag!

MARC

LEADER 00000nas1a2200000 4500
001 s124424
005 20230906100917.3
022 |a 1995-2864 
041 0 |a eng 
044 |a FR 
245 1 0 |a Financial market trends 
264 1 |a Paris  |b OECD 
490 1 |a OECD journal 
830 0 |a OECD journal 
500 |a Titul je do r. 2001 spracovaný v BD Knihy 
610 2 0 |a trh finančný medzinárodný 
610 2 0 |a OECD 
610 2 0 |a OECD publikácie